000 00297nam a22001337a 4500
008 180927b xxu||||| |||| 00| 0 eng d
020 _a9780023077630
041 _aeng
080 _24th
_a591
100 _a7
101 _aZOO
245 _aIntevertebrate zoology
_cWallace,R.L
942 _2udc
_cBK
999 _c48596
_d48596